| 000 | 01653nas1a22002891i 4500 | ||
|---|---|---|---|
| 001 | RU\NLR\INFOCOMM15\5000340616 | ||
| 005 | 20260407162240.0 | ||
| 035 | _a(NLR Aleph) 002293886 | ||
| 090 |
_a4160191 _c4160191 |
||
| 100 | _a20050819a20019999|||y0rusy50 ca | ||
| 101 | 0 | _arus | |
| 102 | _aRU | ||
| 110 | _azyuzz 0|y| | ||
| 200 | 1 |
_aПсихология и практика _eСб. науч. тр. _fКостромской государственный университет имени Н.А. Некрасова, Ин-т педагогики и психологии |
|
| 210 |
_aКострома _cКГУ _d2001 - |
||
| 300 | _aВ надзаг. также: М-во образования Рос. Федерации | ||
| 712 | 0 | 2 |
_4570 _aКостромской государственный университет им. Н. А. Некрасова _bИнститут педагогики и психологии _9702158 _3RU\NLR\AUTH\8810100568 |
| 801 | 2 |
_aRU _bNLR _c20080516 _2rusmarc |
|
| 801 | 1 |
_aRU _bInfoComm _c20050823 |
|
| 801 | 0 |
_aRU _bNLR _gPSBO |
|
| 852 |
_aNLR _jП25/438 |
||
| 942 | _cSE | ||
| 980 | _aRUSPER | ||